| 000 | 01137nam a22003257a 4500 | ||
|---|---|---|---|
| 003 | CHAP | ||
| 005 | 20220329133814.0 | ||
| 008 | 971013s1976 r 00010 d | ||
| 010 | _a11184 | ||
| 011 | _a12156 | ||
| 035 | _a14348 | ||
| 040 | _cCHAP | ||
| 090 | _aTesis | ||
| 100 | 0 | 0 |
_aCruz Medrano, Sergio. _929505 |
| 245 | _aConstrucción de estercoleros como alternativas para manejo del estiércol con fines agrícolas proyecto en Santa Catarina Acolman, Edo. de México | ||
| 260 |
_aChapingo, Méx. : _bEl autor, _c1976 |
||
| 300 |
_a63 h. _b: ilus. |
||
| 502 | _aTesis (Ing. Agrónomo Especialista en suelos) -- ENA. Departamento de Suelos | ||
| 590 |
_aALEPH _b10 _c20130110 _lUCH01 _h1228 |
||
| 590 |
_aBATCH-UPD _b10 _c20130110 _lUCH01 _h0033 |
||
| 590 |
_aBATCH-UPD _b10 _c20130110 _lUCH01 _h1459 |
||
| 590 |
_aCONVERSION _b10 _c20130109 _lUCH01 _h1307 |
||
| 650 | 1 | 4 |
_aAbonos _xAlmacenamiento. _9236 |
| 650 | 1 | 4 |
_aConstrucciones rurales. _927378 |
| 901 | _aBK | ||
| 942 | _cFOLL | ||
| 949 |
_bBC _cTES _d-146085 _eTS1 _i14348 _si |
||
| 949 |
_bBC _cTES _d-146086 _eTS2 _fc.2 _i14348 _si |
||
| 949 |
_bS _cTESBD _d-26490 _eTS1 _i14348 _si |
||
| 999 |
_c11184 _d11184 |
||